Učebné osnovy 2. stupňa základnej školy Matematika (5.-8. ročník) : Matematicko-fyzikálne praktiká povinne voliteľný a nepovinný predmet (7. - 8. ročník) : Cvičenia z matematiky nepovinný predmet (5.-8. ročník)

Bibliographic Details
Corporate Author: Slovensko. Ministerstvo školstva (Author)
Format: Book
Language:Slovak
PhysicalDescription:76 s. tabuľky 21 cm
Published: Bratislava Slovenské pedagogické nakladateľstvo 1987
Edition:1. vyd.
Subjects:

MARC

LEADER 00000cam a2200000 a 4500
001 vtls001084757
003 SK-MaSNL
005 20260302061944.0
008 240226s1987 xo fr o000 0 slo
015 |a SNBA1987/07 
020 |q (brožované) 
035 |a SNK000027596 
035 |a D9B0D825-76A3-4E45-A790-1EDD6A01872A 
035 |a urn:nbn:sk:snk-am00iepw 
040 |a SNK  |b slo  |c SNK  |e AACR2 
041 0 |a slo 
044 |a xo  |c SK 
072 7 |a 371  |x Školstvo (organizácia)  |2 konspekt 
080 |a 51  |2 2011 
080 |a 373.3  |2 2011 
080 |a (073)  |2 2011 
110 1 |a Slovensko.  |b Ministerstvo školstva  |4 aut 
245 1 0 |a Učebné osnovy 2. stupňa základnej školy  |b Matematika (5.-8. ročník) : Matematicko-fyzikálne praktiká povinne voliteľný a nepovinný predmet (7. - 8. ročník) : Cvičenia z matematiky nepovinný predmet (5.-8. ročník) 
246 3 1 |a Matematika (5.-8. ročník) 
246 3 1 |a Matematicko-fyzikálne praktiká povinne voliteľný a nepovinný predmet (7. - 8. ročník) 
246 3 1 |a Cvičenia z matematiky nepovinný predmet (5.-8. ročník) 
250 |a 1. vyd. 
260 |a Bratislava  |b Slovenské pedagogické nakladateľstvo  |c 1987  |e Nitra  |f Nitrianske tlačiarne 
300 |a 76 s.  |b tabuľky  |c 21 cm 
366 |e 15000 výtl. 
500 |a Schválilo MŠ SSR. 
650 0 7 |a matematika  |2 SNKPH  |9 70174 
650 0 7 |a základné školy  |2 SNKPH  |9 1280 
650 0 7 |a Mathematics  |2 SNKPHeng  |9 265620 
650 0 7 |a Elementary schools  |2 SNKPHeng  |9 265049 
655 7 |a učebné osnovy  |2 SNKPH  |9 60479 
655 7 |a Subject programmes  |2 SNKPHeng  |9 299677 
852 |a Slovenská národná knižnica 
954 |a odborná, vedecká literatúra pôvodná (slovenská)  |2 lita 
958 |a OND 
958 |a UO 
958 |a TL 
958 |a EUIPO 
999 |c 1127413  |d 1129343 
952 |a SNK  |b SNK  |y PREZ  |7 0  |p 17A0936163  |o snkSC 68656  |i snkKSP 3600/87  |0 0  |1 0  |4 0  |d 2012-08-22  |f 1  |l 0  |r 2025-07-14 00:00:00  |w 2026-02-24 
952 |t P60, <04>, [BOOK], {604}  |a SNK  |b SNK  |y VYP  |7 0  |p 17A0440121  |o snkSC 68656 D1  |i snkKSP 3601/87  |0 0  |1 0  |4 0  |d 2004-08-25  |l 0  |r 2004-12-31 00:00:00  |w 2026-02-24